Normal view
MARC view
- Eisenhower, Dwight D.
Entry Personal Name
001 - CONTROL NUMBER
- control field: 108356
003 - CONTROL NUMBER IDENTIFIER
- control field: NUST
005 - DATE AND TIME OF LATEST TRANSACTION
- control field: 20230201121248.0
008 - FIXED-LENGTH DATA ELEMENTS
- fixed length control field: 230201|| aca||aabn | a|a d
040 ## - CATALOGING SOURCE
- Original cataloging agency: NUST
- Transcribing agency: NUST
100 ## - HEADING--PERSONAL NAME
- Personal name: Eisenhower, Dwight D.
- Dates associated with a name: 1890-1969
670 ## - SOURCE DATA FOUND
- Source citation: Work cat.: (NUST)184662: Eisenhower, Dwight D. 48850, Crusade in Europe /, [1990], c1948.
